| 000 | 00000nam 2200000zi 4500 |
| 001 | 9.932020 |
| 003 | CaOODSP |
| 005 | 20241122111440 |
| 006 | m o d f |
| 007 | cr |n||||||||| |
| 008 | 231229e198004##qucab ob f|0| 0 fre d |
| 040 | |aCaOODSP|bfre|erda|cCaOODSP |
| 043 | |an-cn-qu |
| 086 | 1 |aCW66-1493/1980F-PDF |
| 100 | 1 |aRosa, Jacques, |eauteur. |
| 245 | 10|aÉtude sur les dommages aux bleuetières de Pont Rouge par les goélands / |cpar Jacques Rosa. |
| 264 | 1|a[Sainte-Foy, Québec] : |bEnvironnement Canada, Service canadien de la faune, |cavril 1980. |
| 300 | |a1 ressource en ligne (16 pages) : |bcartes, illustrations |
| 336 | |atexte|btxt|2rdacontent/fre |
| 337 | |ainformatique|bc|2rdamedia/fre |
| 338 | |aressource en ligne|bcr|2rdacarrier/fre |
| 500 | |aÉdition numérisée de l’imprimé [par Environnement et changement climatique Canada]. |
| 504 | |aComprend des références bibliographiques (page 16). |
| 650 | 6|aGoélands|zQuébec (Province) |
| 650 | 6|aOiseaux nuisibles|zQuébec (Province) |
| 650 | 0|aGulls|zQuébec (Province) |
| 650 | 0|aBird pests|zQuébec (Province) |
| 710 | 1 |aCanada. |bEnvironnement Canada, |eorganisme de publication. |
| 710 | 2 |aService canadien de la faune, |eorganisme de publication. |
| 856 | 40|qPDF|s1.41 Mo|uhttps://publications.gc.ca/collections/collection_2024/eccc/cw66/CW66-1493-1980-fra.pdf |